[Event "4th ShakkiNet International A"]
[Site "Helsinki"]
[Date "2002.06.24"]
[Round "1"]
[White "Norri, Joose"]
[Black "Hansen, Victor"]
[Result "1-0"]
[WhiteElo "2426"]
[BlackElo "2143"]
[PlyCount "71"]
[EventDate "2002.06.24"]

1. d4 d5 2. c4 c6 3. Nc3 Nf6 4. e3 g6 5. Nf3 Bg7 6. Bd3 O-O 7. O-O Bg4 8. h3
Bxf3 9. Qxf3 e6 10. Rd1 Qe7 11. b3 Nbd7 12. a4 Rfc8 13. Ba3 Qe8 14. Rac1 e5 15.
cxd5 cxd5 16. dxe5 Nxe5 17. Qe2 Qe6 18. Nb5 Nc6 19. Bb2 Qe7 20. Rc2 a6 21. Nd4
Ne5 22. Rdc1 Qd8 23. Ne6 fxe6 24. Bxe5 Ne8 25. Qg4 Qd7 26. Bxg7 Nxg7 27. e4
Rxc2 28. Rxc2 Rc8 29. Rxc8+ Qxc8 30. exd5 Qc1+ 31. Bf1 exd5 32. Qd7 Qc6 33.
Qxc6 bxc6 34. Bxa6 Ne6 35. Bb7 Nd8 36. a5 1-0

[Event "4th ShakkiNet International A"]
[Site "Helsinki"]
[Date "2002.06.24"]
[Round "1"]
[White "Payen, Arnaud"]
[Black "Tiitta, Sauli"]
[Result "1-0"]
[WhiteElo "2356"]
[BlackElo "2249"]
[PlyCount "65"]
[EventDate "2002.06.24"]

1. d4 d5 2. Nf3 Nf6 3. c4 dxc4 4. e3 e6 5. Bxc4 a6 6. O-O c5 7. e4 cxd4 8. e5
Nfd7 9. Nbd2 Nc6 10. Re1 Qc7 11. Qe2 b5 12. Bd3 Nc5 13. a3 Be7 14. Bb1 Bb7 15.
b4 Na4 16. Qd3 Nc3 17. Nb3 Nxb1 18. Rxb1 h6 19. Bf4 O-O 20. Rbc1 Rfd8 21. Nfd2
Qb6 22. Ne4 a5 23. Nf6+ Kf8 24. Qh7 Bxf6 25. exf6 gxf6 26. Bc7 Qa7 27. Nc5 Ne5
28. Bxe5 fxe5 29. Nxe6+ Ke7 30. Nxd8 Rxd8 31. Rxe5+ Kd6 32. Rcc5 Rg8 33. Qxg8
1-0

[Event "4th ShakkiNet International A"]
[Site "Helsinki"]
[Date "2002.06.24"]
[Round "1"]
[White "Karttunen, Mika"]
[Black "Maeki-Uuro, Miikka"]
[Result "1/2-1/2"]
[WhiteElo "2429"]
[BlackElo "2335"]
[PlyCount "68"]
[EventDate "2002.06.24"]

1. Nf3 Nf6 2. d4 d5 3. c4 e6 4. Nc3 Bb4 5. cxd5 exd5 6. Qb3 c5 7. Bg5 Nc6 8. e3
cxd4 9. Nxd4 Nxd4 10. exd4 Bxc3+ 11. bxc3 O-O 12. Bd3 Re8+ 13. Kf1 Qd6 14. Bxf6
Qxf6 15. Qxd5 Be6 16. Qh5 g6 17. Qh6 Bd5 18. Qd2 h5 19. h4 Qc6 20. Rh2 Rac8 21.
Rc1 b5 22. Kg1 Be6 23. Qg5 Bc4 24. Rh3 Bxd3 25. Rxd3 Re2 26. a3 Rce8 27. Re3
R8xe3 28. fxe3 Qe4 29. Rf1 Qxe3+ 30. Qxe3 Rxe3 31. Rf3 Re1+ 32. Rf1 Re3 33. Rf3
Re1+ 34. Rf1 1/2-1/2

[Event "4th ShakkiNet International A"]
[Site "Helsinki"]
[Date "2002.07.03"]
[Round "10"]
[White "Nyysti, Sampsa"]
[Black "Tiitta, Sauli"]
[Result "1-0"]
[WhiteElo "2242"]
[BlackElo "2249"]
[PlyCount "83"]
[EventDate "2002.06.24"]

1. e4 c5 2. Nf3 g6 3. d4 cxd4 4. Nxd4 Bg7 5. c4 Nc6 6. Be3 Nf6 7. Nc3 Ng4 8.
Qxg4 Nxd4 9. Qd1 Ne6 10. Qd2 Qa5 11. Rc1 O-O 12. Bd3 b6 13. O-O Bb7 14. f4 Nc5
15. e5 d6 16. exd6 Rfd8 17. Bb1 Rxd6 18. Qe2 Rad8 19. f5 Nd3 20. Rcd1 Nxb2 21.
Rxd6 Rxd6 22. Nb5 Rd8 23. fxg6 hxg6 24. Bg5 Qb4 25. Bxg6 fxg6 26. Qe6+ Kh7 27.
Qh3+ Kg8 28. Qe6+ Kh7 29. Bxe7 Qd2 30. Qh3+ Kg8 31. Bxd8 Qxd8 32. Qe6+ Kh7 33.
Nd6 Bc6 34. Qh3+ Kg8 35. Qe6+ Kh7 36. Qh3+ Kg8 37. Qg3 Qe7 38. Qxg6 Bd7 39. Ne4
Kh8 40. Ng5 Bd4+ 41. Kh1 Be8 42. Rf8+ 1-0

[Event "4th ShakkiNet International A"]
[Site "Helsinki"]
[Date "2002.07.03"]
[Round "10"]
[White "Norri, Joose"]
[Black "Hjelm, Niclas"]
[Result "1-0"]
[WhiteElo "2426"]
[BlackElo "2313"]
[PlyCount "67"]
[EventDate "2002.06.24"]

1. d4 d5 2. c4 dxc4 3. Nc3 Nf6 4. Nf3 e6 5. e4 Bb4 6. Bg5 c5 7. Bxc4 cxd4 8.

Nxd4 Bxc3+ 9. bxc3 Qa5 10. Bxf6 Qxc3+ 11. Kf1 gxf6 12. Rc1 Qa5 13. h4 Ke7 14.
Rh3 Nc6 15. Nxc6+ bxc6 16. Rd3 Rb8 17. Kg1 Rd8 18. Rxd8 Qxd8 19. Qh5 Qd4 20.
Bb3 Rb4 21. Qxh7 Bd7 22. Qh5 Qxe4 23. Qc5+ Ke8 24. Qxa7 Rd4 25. h5 Kf8 26. h6
Qf4 27. Rc3 Re4 28. Re3 Rxe3 29. fxe3 Qg3 30. Kf1 Ke7 31. Qa3+ c5 32. Qxc5+ Ke8
33. Ba4 Bxa4 34. h7 1-0

[Event "4th ShakkiNet International A"]
[Site "Helsinki"]
[Date "2002.07.03"]
[Round "10"]
[White "Payen, Arnaud"]
[Black "Maeki-Uuro, Miikka"]
[Result "1/2-1/2"]
[WhiteElo "2356"]
[BlackElo "2335"]
[PlyCount "51"]
[EventDate "2002.06.24"]

1. e4 c5 2. Nf3 d6 3. c3 Nf6 4. Bd3 g6 5. Bc2 Bg7 6. O-O O-O 7. h3 Nc6 8. Re1
e5 9. d4 cxd4 10. cxd4 Nd7 11. dxe5 Ndxe5 12. Nc3 Nxf3+ 13. Qxf3 Nd4 14. Qd1
Nxc2 15. Qxc2 Be6 16. Be3 Qa5 17. Red1 Rfc8 18. Bd4 d5 19. Bxg7 Kxg7 20. Qd2
dxe4 21. Qd4+ Kg8 22. Nxe4 Rd8 23. Nf6+ Kg7 24. Nd5+ Kg8 25. Nf6+ Kg7 26. Nd5+
1/2-1/2

[Event "4th ShakkiNet International A"]
[Site "Helsinki"]
[Date "2002.07.04"]
[Round "11"]
[White "Maeki-Uuro, Miikka"]
[Black "Solozhenkin, Evgeniy"]
[Result "1/2-1/2"]
[WhiteElo "2335"]
[BlackElo "2499"]
[PlyCount "118"]
[EventDate "2002.06.24"]

1. e4 e5 2. f4 Qh4+ 3. g3 Qe7 4. Nc3 exf4 5. d4 fxg3 6. Qf3 c6 7. Bf4 d6 8.
O-O-O h5 9. Qxg3 h4 10. Qe3 f6 11. h3 g5 12. Bh2 Nh6 13. Nf3 Nf7 14. Kb1 Bh6
15. Qf2 Nd7 16. Bc4 Rf8 17. Rhe1 Kd8 18. Bxf7 Rxf7 19. Bxd6 Qxd6 20. e5 Qe6 21.
d5 cxd5 22. Nd4 Qxe5 23. Rxe5 Nxe5 24. Nf5 Bf8 25. Rxd5+ Ke8 26. Ne4 Be6 27.
Rd2 Nc4 28. Re2 Rd8 29. c3 Ne5 30. Kc2 Bc4 31. Nxf6+ Rxf6 32. Rxe5+ Kf7 33. Qf3
Rd7 34. Qh5+ Rg6 35. Qh7+ Bg7 36. Nxg7 Bd3+ 37. Kc1 Rxg7 38. Qh5+ Kf6 39. Re3
Bf5 40. Qf3 Rd6 41. b3 Rgd7 42. Kb2 Rd2+ 43. Ka3 R2d3 44. Rxd3 Rxd3 45. Qxb7
Rxh3 46. Qxa7 g4 47. Qd4+ Kg6 48. b4 Rd3 49. Qh8 g3 50. b5 Be4 51. Qxh4 Kf5 52.
b6 g2 53. Qf2+ Rf3 54. Qxg2 Rxc3+ 55. Kb4 Bxg2 56. Kxc3 Ke6 57. Kc4 Kd6 58. Kb5
Bf1+ 59. Ka5 Kc6 1/2-1/2

[Event "4th ShakkiNet International A"]
[Site "Helsinki"]
[Date "2002.07.04"]
[Round "11"]
[White "Hjelm, Niclas"]
[Black "Payen, Arnaud"]
[Result "1/2-1/2"]
[WhiteElo "2313"]
[BlackElo "2356"]
[PlyCount "58"]
[EventDate "2002.06.24"]

1. e4 e5 2. Nf3 Nc6 3. Bb5 a6 4. Bxc6 dxc6 5. O-O Ne7 6. Nxe5 Qd4 7. Qh5 g6 8.
Qg5 Bg7 9. Nd3 f5 10. e5 c5 11. b3 b6 12. Bb2 Qg4 13. Qe3 Nd5 14. Qe1 f4 15. f3
Qg5 16. Nc3 Nxc3 17. Bxc3 Bb7 18. Qe2 O-O 19. a4 a5 20. Nb2 Rad8 21. Rfe1 Qf5
22. d3 g5 23. Nd1 Rfe8 24. Nf2 h5 25. h3 Kh7 26. Qd2 Re6 27. Re2 Rde8 28. Rae1
Kg6 29. Rf1 R8e7 1/2-1/2

[Event "4th ShakkiNet International A"]
[Site "Helsinki"]
[Date "2002.07.04"]
[Round "11"]
[White "Tiitta, Sauli"]
[Black "Norri, Joose"]
[Result "0-1"]
[WhiteElo "2249"]
[BlackElo "2426"]
[PlyCount "98"]
[EventDate "2002.06.24"]

1. e4 e5 2. Nf3 Nc6 3. c3 f5 4. d4 fxe4 5. Nxe5 Nf6 6. Bb5 Bd6 7. Nc4 Be7 8. d5
a6 9. Ba4 Na7 10. d6 b5 11. dxe7 Qxe7 12. Bf4 bxa4 13. Bxc7 d5 14. Nd6+ Kf8 15.
Nxc8 Qxc7 16. Nxa7 Qd7 17. O-O Rxa7 18. f3 Kf7 19. fxe4 dxe4 20. Qh5+ Ke6 21.
Qf5+ Kf7 22. Qxe4 Re8 23. Qc4+ Kg6 24. Na3 Qd2 25. Rf2 Qg5 26. Qd3+ Kh6 27. Rf3
Rae7 28. Nc2 Re2 29. Rg3 Qd2 30. Rh3+ Nh5 31. Qxd2+ Rxd2 32. Ne3 Re2 33. Nc4
R8e4 34. Kf1 Rc2 35. Ne3 Rxb2 36. g4 Rxe3 37. Rxe3 Nf4 38. Re4 Kg5 39. Rxa4
Rxh2 40. Kg1 Rc2 41. Re1 Kxg4 42. Rxa6 h5 43. a4 g5 44. Ra1 h4 45. a5 h3 46.
Rh6 Kg3 47. a6 Rg2+ 48. Kf1 h2 49. a7 Rg1# 0-1

[Event "4th ShakkiNet International A"]
[Site "Helsinki"]
[Date "2002.07.04"]
[Round "11"]
[White "Hansen, Victor"]
[Black "Nyysti, Sampsa"]
[Result "0-1"]
[WhiteElo "2143"]
[BlackElo "2242"]
[PlyCount "104"]
[EventDate "2002.06.24"]

1. Nf3 Nf6 2. d4 e6 3. Bg5 h6 4. Bxf6 Qxf6 5. e4 d6 6. c3 Nd7 7. Bd3 g5 8. h3
e5 9. Na3 h5 10. Nb5 Kd8 11. dxe5 dxe5 12. h4 g4 13. Ng5 c6 14. Na3 Kc7 15. Bc4
Nb6 16. Bxf7 Bc5 17. Qe2 Rf8 18. b4 Be7 19. Bxh5 Qh6 20. Bxg4 Bxg5 21. Bxc8
Raxc8 22. Rh3 Bc1 23. Nc2 Rcd8 24. Ne3 Bd2+ 25. Kf1 Bxc3 26. Ng4 Qd2 27. Qxd2
Bxd2 28. a3 Nc4 29. Ke2 Rf4 30. f3 a5 31. bxa5 Bxa5 32. Ra2 Rf7 33. Ne3 Nxe3
34. Kxe3 c5 35. Rc2 Kc6 36. Rg3 Rd6 37. Rg5 Re6 38. g3 Ref6 39. f4 exf4+ 40.
gxf4 Bb6 41. f5 Bc7 42. Kf3 b5 43. h5 Be5 44. Rcg2 c4 45. Rg8 c3 46. Re8 Bc7
47. Ke3 Kd7 48. Reg8 Be5 49. R8g6 Kc6 50. h6 Rd7 51. Rc2 Kc5 52. Rg7 Rfd6 0-1

[Event "4th ShakkiNet International A"]
[Site "Helsinki"]
[Date "2002.06.25"]
[Round "2"]
[White "Agopov, Mikael"]
[Black "Norri, Joose"]
[Result "1/2-1/2"]
[WhiteElo "2412"]
[BlackElo "2426"]
[PlyCount "49"]
[EventDate "2002.06.24"]

1. Nf3 Nf6 2. c4 e6 3. Nc3 d5 4. d4 Be7 5. Bg5 h6 6. Bxf6 Bxf6 7. Qb3 c6 8. e3
O-O 9. Be2 Nd7 10. Rc1 Qe7 11. O-O dxc4 12. Bxc4 e5 13. Rfe1 Nb6 14. Bd3 Be6
15. Qc2 exd4 16. exd4 Rad8 17. Rcd1 Qb4 18. a3 Qb3 19. Qc1 Nd5 20. Ne4 Bg4 21.
Bc4 Qb6 22. Bxd5 cxd5 23. Nxf6+ Qxf6 24. Qe3 Bxf3 25. Qxf3 1/2-1/2

[Event "4th ShakkiNet International A"]
[Site "Helsinki"]
[Date "2002.06.25"]
[Round "2"]
[White "Tiitta, Sauli"]
[Black "Solozhenkin, Evgeniy"]
[Result "0-1"]
[WhiteElo "2249"]
[BlackElo "2499"]
[PlyCount "70"]
[EventDate "2002.06.24"]

1. e4 c6 2. d4 d5 3. Nc3 dxe4 4. Nxe4 Bf5 5. Ng3 Bg6 6. Bc4 Nf6 7. N1e2 e6 8.
O-O Bd6 9. f4 Bf5 10. Nxf5 exf5 11. Qd3 g6 12. b4 O-O 13. a3 Nbd7 14. Bb2 Re8
15. Rae1 Nb6 16. Ba2 Nbd5 17. c4 Nxf4 18. Nxf4 Rxe1 19. Rxe1 Bxf4 20. d5 Ng4
21. g3 Bg5 22. d6 Bf6 23. Bxf6 Qxf6 24. c5 Qb2 25. Re2 Qa1+ 26. Kg2 Nf6 27. Qb3
Rf8 28. d7 Nxd7 29. Re7 Ne5 30. Rxb7 Rd8 31. Rxf7 Rd2+ 32. Kh3 Qxa2 33. Qxa2
Rxa2 34. Rxa7 g5 35. g4 f4 0-1

[Event "4th ShakkiNet International A"]
[Site "Helsinki"]
[Date "2002.06.25"]
[Round "2"]
[White "Hansen, Victor"]
[Black "Payen, Arnaud"]
[Result "0-1"]
[WhiteElo "2143"]
[BlackElo "2356"]
[PlyCount "148"]
[EventDate "2002.06.24"]

1. c4 e5 2. Nc3 Nf6 3. Nf3 Nc6 4. d3 d6 5. g3 Bf5 6. Bg2 Qd7 7. h3 h6 8. e4 Be6
9. a3 g6 10. Be3 Bg7 11. Qd2 Ng8 12. Nd5 Nd8 13. d4 c6 14. dxe5 dxe5 15. Qa5
cxd5 16. cxd5 Ne7 17. dxe6 Qxe6 18. Qd2 Ndc6 19. O-O Rd8 20. Qc1 g5 21. h4 g4
22. Nd2 O-O 23. Rd1 Nd4 24. Qc4 Qxc4 25. Nxc4 Nec6 26. Kh1 Rd7 27. b4 Rc8 28.
Rac1 Nd8 29. Nb2 Rdc7 30. Bf1 a6 31. Nd3 N8e6 32. Rxc7 Rxc7 33. Rc1 Nc2 34. Bc5
Nxa3 35. Be2 h5 36. Bd6 Rd7 37. Rc8+ Kh7 38. Bxe5 Bxe5 39. Nxe5 Rd2 40. Bf1
Rxf2 41. Kg1 Rb2 42. Nxf7 Rxb4 43. Re8 Kg7 44. Nd6 Kf6 45. Rb8 Rb6 46. Nc4 Nxc4
47. Bxc4 Nc7 48. Kf2 Rc6 49. Bd3 b5 50. Ke3 Rc5 51. Rb6+ Ke7 52. Kd4 Rc1 53.
Ke5 Rc3 54. Kd4 Ra3 55. Rb7 Kd8 56. Rb8+ Kd7 57. Bc2 Rxg3 58. e5 Rf3 59. Bg6
Rf4+ 60. Ke3 Nd5+ 61. Ke2 g3 62. Bxh5 Rxh4 63. Bf3 Rh2+ 64. Ke1 Nf4 65. Rg8
Nd3+ 66. Kd1 Nxe5 67. Be4 Kd6 68. Rxg3 Kc5 69. Ra3 Kb6 70. Kc1 a5 71. Rg3 Kc5
72. Bc2 a4 73. Rg8 Rh1+ 74. Bd1 Nc4 0-1

[Event "4th ShakkiNet International A"]
[Site "Helsinki"]
[Date "2002.06.26"]
[Round "3"]
[White "Payen, Arnaud"]
[Black "Agopov, Mikael"]
[Result "1/2-1/2"]
[WhiteElo "2356"]
[BlackElo "2412"]
[PlyCount "106"]
[EventDate "2002.06.24"]

1. d4 Nf6 2. Nf3 e6 3. e3 b6 4. Bd3 Bb7 5. O-O Be7 6. b3 O-O 7. Bb2 c5 8. c4
cxd4 9. exd4 d5 10. Nc3 Nc6 11. Rc1 Rc8 12. Re1 Nb4 13. Bf1 dxc4 14. bxc4 Ba6
15. a3 Nc6 16. d5 Na5 17. dxe6 Bxc4 18. exf7+ Bxf7 19. Qxd8 Bxd8 20. Nb5 Ra8
21. Ng5 Ba2 22. g3 Ng4 23. Ne6 Rxf2 24. Bd4 Rxh2 25. Bg2 Rxg2+ 26. Kxg2 Nb3 27.
Rcd1 Nxd4 28. Rxd4 Bxe6 29. Rxe6 Nf6 30. Nxa7 Kf7 31. Re3 Be7 32. Nc6 Bc5 33.
Rd8 Rxa3 34. Ne5+ Ke6 35. Rxa3 Bxa3 36. Nc4 Bc5 37. Rb8 Nd7 38. Rd8 b5 39. Nd2
b4 40. Nb3 Be7 41. Rc8 Bf6 42. Kf3 Kd5 43. Ke3 h6 44. Kf4 Be5+ 45. Kf3 Bd6 46.
Rc2 Ne5+ 47. Ke3 Be7 48. Rc7 Bg5+ 49. Ke2 Bf6 50. Rc5+ Ke4 51. Nd2+ Kd4 52.
Nb3+ Ke4 53. Nd2+ Kd4 1/2-1/2

[Event "4th ShakkiNet International A"]
[Site "Helsinki"]
[Date "2002.06.26"]
[Round "3"]
[White "Karttunen, Mika"]
[Black "Tiitta, Sauli"]
[Result "0-1"]
[WhiteElo "2429"]
[BlackElo "2249"]
[PlyCount "58"]
[EventDate "2002.06.24"]

1. c4 c5 2. Nc3 g6 3. g3 Bg7 4. Bg2 Nc6 5. a3 a6 6. Rb1 Rb8 7. b4 cxb4 8. axb4
b5 9. c5 a5 10. Na2 Qc7 11. Ba3 Qa7 12. Qc1 Bb7 13. e4 Ne5 14. Qc3 Qa8 15. f3
f5 16. Ke2 fxe4 17. f4 Bd5 18. Nc1 e3 19. Bxd5 Qxd5 20. fxe5 Qxh1 21. Qxe3 Nh6
22. e6 O-O 23. exd7 Qg2+ 24. Kd3 Qd5+ 25. Ke2 Nf5 26. Qd3 Qg2+ 27. Kd1 Nd4 28.
Qxd4 Bxd4 29. Nge2 Qd5 0-1

[Event "4th ShakkiNet International A"]
[Site "Helsinki"]
[Date "2002.06.27"]
[Round "4"]
[White "Sammalvuo, Tapani"]
[Black "Hjelm, Niclas"]
[Result "0-1"]
[WhiteElo "2440"]
[BlackElo "2313"]
[PlyCount "102"]
[EventDate "2002.06.24"]

1. c4 e5 2. g3 Nc6 3. Bg2 g6 4. Nc3 Bg7 5. d3 d6 6. Rb1 a5 7. a3 f5 8. Nf3 Nf6
9. b4 axb4 10. axb4 O-O 11. b5 Ne7 12. Bb2 Nh5 13. Ra1 Rb8 14. O-O h6 15. Ra7
Be6 16. Nd2 b6 17. Nd5 Rc8 18. Qa4 f4 19. Nxe7+ Qxe7 20. Qa6 Qd7 21. Qb7 Bh3
22. Qc6 fxg3 23. Qxd7 gxf2+ 24. Rxf2 Bxd7 25. Bd5+ Kh7 26. Rxf8 Bxf8 27. Bb7
Rd8 28. Bf3 Rc8 29. c5 dxc5 30. Bxe5 Bxb5 31. Bxc7 Ng7 32. Bg4 Re8 33. Ne4 Re7
34. Nf6+ Kh8 35. Ra8 Ne8 36. Bxb6 Nxf6 37. Bxc5 Re8 38. Rxe8 Bxe8 39. Bxf8 Nxg4
40. Bd6 Kg7 41. Bf4 Bc6 42. Bd2 g5 43. Bc1 Kg6 44. Bd2 h5 45. Be1 h4 46. Ba5
Kh5 47. Bd8 Nh6 48. Be7 Nf7 49. Bf6 Kg4 50. Be7 Kh3 51. Bc5 Ba4 0-1

[Event "4th ShakkiNet International A"]
[Site "Helsinki"]
[Date "2002.06.27"]
[Round "4"]
[White "Hansen, Victor"]
[Black "Karttunen, Mika"]
[Result "0-1"]
[WhiteElo "2143"]
[BlackElo "2429"]
[PlyCount "58"]
[EventDate "2002.06.24"]

1. e4 Nf6 2. Nc3 d5 3. exd5 Nxd5 4. Bc4 c6 5. Nf3 Bg4 6. O-O e6 7. Ne4 Bh5 8.
c3 Nb6 9. Bb3 c5 10. d4 cxd4 11. cxd4 Nc6 12. Be3 Be7 13. Ng3 Bg6 14. a3 O-O
15. Qe2 Nd5 16. Rac1 Nxe3 17. fxe3 Qa5 18. Rfd1 Rfd8 19. Kh1 Qb6 20. Ba2 Bd6
21. Nf1 Rac8 22. Rc3 Ne7 23. Rxc8 Rxc8 24. e4 Bf4 25. b4 a5 26. b5 Qd6 27. a4
Qa3 28. g3 Bd6 29. Bc4 Rxc4 0-1

[Event "4th ShakkiNet International A"]
[Site "Helsinki"]
[Date "2002.06.27"]
[Round "4"]
[White "Agopov, Mikael"]
[Black "Solozhenkin, Evgeniy"]
[Result "0-1"]
[WhiteElo "2412"]
[BlackElo "2499"]
[PlyCount "48"]
[EventDate "2002.06.24"]

1. e4 c6 2. d4 d5 3. Nc3 dxe4 4. Nxe4 Bf5 5. Ng3 Bg6 6. h4 h6 7. Nf3 e6 8. Ne5
Bh7 9. Bf4 Nf6 10. c3 Nbd7 11. Bd3 Nd5 12. Bxh7 Nxf4 13. Be4 Nxe5 14. dxe5 Qa5
15. Qd4 Nd5 16. Bxd5 cxd5 17. Nh5 Rc8 18. Qg4 Rc4 19. Nxg7+ Ke7 20. Qg3 Re4+
21. Kf1 Qb5+ 22. Kg1 Qxb2 23. Kh2 Bxg7 24. Qxg7 Qxf2 0-1

[Event "4th ShakkiNet International A"]
[Site "Helsinki"]
[Date "2002.06.27"]
[Round "4"]
[White "Nyysti, Sampsa"]
[Black "Norri, Joose"]
[Result "1-0"]
[WhiteElo "2242"]
[BlackElo "2426"]
[PlyCount "109"]
[EventDate "2002.06.24"]

1. e4 e5 2. Nf3 Nc6 3. Bb5 Nf6 4. O-O Nxe4 5. d4 a6 6. Ba4 b5 7. Bb3 d5 8. dxe5
Be6 9. Nbd2 Nc5 10. c3 Bg4 11. Bc2 Be7 12. Re1 Qd7 13. Nf1 Rd8 14. h3 Bh5 15.
Ng3 Bg6 16. Nd4 Nxd4 17. cxd4 Ne6 18. Nf5 c5 19. Be3 O-O 20. Rc1 Qa7 21. Nxe7+
Qxe7 22. Bxg6 fxg6 23. dxc5 d4 24. Bd2 d3 25. c6 Nd4 26. Ba5 Nf3+ 27. Qxf3 Rxf3
28. Bxd8 Qxd8 29. c7 Qc8 30. gxf3 d2 31. Red1 dxc1=R 32. Rxc1 Kf7 33. Rc6 Ke7
34. e6 g5 35. b4 Kf6 36. Kg2 g6 37. Kg3 h5 38. Kh2 Ke7 39. Kg2 Kf6 40. Kg1 Ke7
41. Kf1 Kf6 42. Ke2 h4 43. a3 g4 44. fxg4 g5 45. Kf1 Ke7 46. Ke1 Kf6 47. Ke2
Ke7 48. Kd3 Kf6 49. Kd4 Ke7 50. Kd5 Kf6 51. Kc5 Ke7 52. Kb6 Kf6 53. Rd6 Ke7 54.
Rd8 Qxe6+ 55. Ka5 1-0

[Event "4th ShakkiNet International A"]
[Site "Helsinki"]
[Date "2002.06.28"]
[Round "5"]
[White "Norri, Joose"]
[Black "Sammalvuo, Tapani"]
[Result "1-0"]
[WhiteElo "2426"]
[BlackElo "2440"]
[PlyCount "93"]
[EventDate "2002.06.24"]

1. d4 Nf6 2. c4 e6 3. Nc3 Bb4 4. e3 c5 5. a3 Bxc3+ 6. bxc3 Nc6 7. Bd3 b6 8. Ne2
O-O 9. e4 Ne8 10. e5 d6 11. Qc2 h6 12. Bf4 dxe5 13. dxe5 Na5 14. Rd1 Qh4 15.
Bg3 Qg5 16. h4 Qe7 17. Nf4 Ba6 18. Qe2 Rd8 19. O-O g6 20. h5 g5 21. Qe4 Rxd3
22. Nxd3 Ng7 23. Nb2 Nxh5 24. Rd6 Bb7 25. Qd3 Bc6 26. Rd1 Ng7 27. Rd8 Ne8 28.
Qe2 Ng7 29. Rxf8+ Qxf8 30. f3 Nh5 31. Bh2 Qe7 32. Rd6 Ng7 33. Nd1 Nf5 34. Rd2
Ba4 35. Nf2 Bb3 36. Ne4 Nxc4 37. Rd7 Qf8 38. Qd3 Kg7 39. Rd8 Nb2 40. Qd7 Na4

41. Qc7 Qe7 42. Nf6 h5 43. Rg8+ Kh6 44. Qc8 Nh4 45. Rxg5 Kxg5 46. Qh8 Nf5 47.
Qxh5# 1-0

[Event "4th ShakkiNet International A"]
[Site "Helsinki"]
[Date "2002.06.28"]
[Round "5"]
[White "Payen, Arnaud"]
[Black "Nyysti, Sampsa"]
[Result "1/2-1/2"]
[WhiteElo "2356"]
[BlackElo "2242"]
[PlyCount "49"]
[EventDate "2002.06.24"]

1. d4 Nf6 2. Nf3 e6 3. e3 b6 4. Bd3 Bb7 5. O-O Be7 6. b3 O-O 7. Bb2 c5 8. c4
cxd4 9. exd4 d5 10. Nc3 Nc6 11. Rc1 Rc8 12. Re1 Re8 13. cxd5 Nxd5 14. Nxd5 Qxd5

15. Be4 Qd6 16. d5 exd5 17. Qxd5 Qxd5 18. Bxd5 Kf8 19. a3 Red8 20. Be4 Na5 21.
Bxb7 Rxc1 22. Rxc1 Nxb7 23. b4 a5 24. Bd4 axb4 25. Bxb6 1/2-1/2

[Event "4th ShakkiNet International A"]
[Site "Helsinki"]
[Date "2002.06.28"]
[Round "5"]
[White "Maeki-Uuro, Miikka"]
[Black "Hansen, Victor"]
[Result "1-0"]
[WhiteElo "2335"]
[BlackElo "2143"]
[PlyCount "47"]
[EventDate "2002.06.24"]

1. d4 d5 2. c4 e6 3. Nc3 Nf6 4. Bg5 Be7 5. e3 O-O 6. Nf3 b6 7. Rc1 Bb7 8. Bxf6
Bxf6 9. cxd5 exd5 10. b4 Qe7 11. Qb3 Rd8 12. Be2 Nd7 13. O-O Nf8 14. b5 Ne6 15.
Ne1 Ng5 16. Nd3 Ne4 17. Nxe4 dxe4 18. Nb4 Rd6 19. Qc4 Rc8 20. Bg4 Rb8 21. Qxc7
Qf8 22. Nc6 Bxc6 23. bxc6 Be7 24. Qxb8 1-0

[Event "4th ShakkiNet International A"]
[Site "Helsinki"]
[Date "2002.06.28"]
[Round "5"]
[White "Karttunen, Mika"]
[Black "Agopov, Mikael"]
[Result "0-1"]
[WhiteElo "2429"]
[BlackElo "2412"]
[PlyCount "104"]
[EventDate "2002.06.24"]

1. Nf3 Nf6 2. b3 g6 3. Bb2 Bg7 4. d4 O-O 5. c4 d6 6. Nc3 Nbd7 7. e3 e5 8. Be2
Re8 9. O-O e4 10. Nd2 Nf8 11. b4 h5 12. c5 d5 13. c6 bxc6 14. Nb3 Qd6 15. b5
Bg4 16. h3 Bxe2 17. Qxe2 Ne6 18. Rfc1 cxb5 19. Nxb5 Qa6 20. Qf1 Rec8 21. Nc5
Nxc5 22. Rxc5 Rab8 23. Bc3 Bf8 24. Rxc7 Rxb5 25. Rxc8 Qxc8 26. Qxb5 Qxc3 27.
Rb1 Bd6 28. a4 a5 29. Qb6 Be7 30. Qb8+ Kg7 31. Qe5 Bd8 32. Rb7 Qc1+ 33. Kh2 Qc6
34. Ra7 Qb6 35. Rd7 Kf8 36. Rd6 Qb8 37. Rc6 Qxe5+ 38. dxe5 Nd7 39. Rd6 Ke7 40.
Rxd5 Bc7 41. f4 exf3 42. gxf3 Bxe5+ 43. Kg2 Bc3 44. Rd3 Bb4 45. Rd1 Nb6 46. Ra1
Bc3 47. Ra2 Nc4 48. Kf2 Bb2 49. Ke2 Kd6 50. Kd3 Kc5 51. Kc2 Kb4 52. e4 g5 0-1

[Event "4th ShakkiNet International A"]
[Site "Helsinki"]
[Date "2002.06.29"]
[Round "6"]
[White "Sammalvuo, Tapani"]
[Black "Tiitta, Sauli"]
[Result "1-0"]
[WhiteElo "2440"]
[BlackElo "2249"]
[PlyCount "85"]
[EventDate "2002.06.24"]

1. c4 c5 2. Nf3 g6 3. Nc3 Bg7 4. g3 Nc6 5. Bg2 Nf6 6. O-O O-O 7. d4 b6 8. dxc5
bxc5 9. Ne5 Nxe5 10. Bxa8 Nxc4 11. Qa4 d5 12. Rd1 Bd7 13. Bc6 Nb6 14. Qb5 a6
15. Qxc5 Qc8 16. Qxb6 Bxc6 17. Bf4 Qh3 18. f3 Ba8 19. Qf2 d4 20. Na4 Nd5 21.
Bd2 e5 22. Nc5 Qc8 23. Rac1 f5 24. e3 dxe3 25. Bxe3 f4 26. gxf4 Qh3 27. Ne4 Bh6
28. Rc4 Nxe3 29. Qxe3 Bxf4 30. Qe2 Bxe4 31. Rxe4 Rf5 32. Rxf4 exf4 33. Qe7 Rf8
34. Rd7 Qh6 35. h4 Kh8 36. b4 Rc8 37. a4 g5 38. Rd8+ Rxd8 39. Qxd8+ Kg7 40.
Qxg5+ Qxg5+ 41. hxg5 Kf7 42. Kg2 Ke6 43. Kh3 1-0

[Event "4th ShakkiNet International A"]
[Site "Helsinki"]
[Date "2002.06.29"]
[Round "6"]
[White "Hansen, Victor"]
[Black "Hjelm, Niclas"]
[Result "1-0"]
[WhiteElo "2143"]
[BlackElo "2313"]
[PlyCount "101"]
[EventDate "2002.06.24"]

1. d4 Nf6 2. Nc3 c5 3. Nf3 cxd4 4. Nxd4 d5 5. Bg5 e5 6. Ndb5 a6 7. Nxd5 axb5 8.
Nxf6+ gxf6 9. Qxd8+ Kxd8 10. Bxf6+ Ke8 11. Bxh8 Nd7 12. e3 f6 13. Bxb5 Kf7 14.
Bc4+ Kg6 15. Bd3+ Kf7 16. Bxh7 Be7 17. Bf5 Nb6 18. Bxc8 Rxc8 19. Bxf6 Bxf6 20.
c3 e4 21. O-O Nc4 22. b3 Nb6 23. Rac1 Bxc3 24. Rfd1 Ke6 25. Kf1 Nd5 26. Rd4 Nf6
27. Rc4 Rxc4 28. bxc4 Ba5 29. Rb1 b6 30. Rb5 Nd7 31. Rg5 Ne5 32. h4 Kf6 33. Rg3
Nxc4 34. h5 Ne5 35. f4 exf3 36. gxf3 Bc3 37. f4 Nd7 38. Ke2 Kf7 39. Kd3 Bg7 40.
e4 Nf6 41. Rg5 Bh6 42. Rf5 Ke6 43. Kc4 Nd7 44. Kb5 Kd6 45. a4 Ke6 46. Kc6 Ke7
47. Rd5 Nf6 48. Re5+ Kf7 49. Rf5 Kg7 50. e5 Ng8 51. Kd7 1-0

[Event "4th ShakkiNet International A"]
[Site "Helsinki"]
[Date "2002.06.29"]
[Round "6"]
[White "Nyysti, Sampsa"]
[Black "Solozhenkin, Evgeniy"]
[Result "1-0"]
[WhiteElo "2242"]
[BlackElo "2499"]
[PlyCount "63"]
[EventDate "2002.06.24"]

1. e4 c6 2. d4 d5 3. Nd2 dxe4 4. Nxe4 Bf5 5. Ng3 Bg6 6. h4 h6 7. Nf3 e6 8. Ne5
Bh7 9. Bd3 Bxd3 10. Qxd3 Nf6 11. Bd2 Be7 12. O-O-O O-O 13. Kb1 Nbd7 14. f4 c5
15. dxc5 Nxc5 16. Qe2 Qc7 17. f5 Bd6 18. Bf4 Rfe8 19. Rhe1 Nd5 20. Qg4 Nxf4 21.
f6 Ng6 22. Rxd6 Qxd6 23. h5 Qd2 24. Rf1 Qg5 25. hxg6 Rf8 26. fxg7 Qxe5 27.
gxf8=Q+ Rxf8 28. gxf7+ Kh8 29. a3 b6 30. Nh5 Ne4 31. Rf6 Nd2+ 32. Ka2 1-0

[Event "4th ShakkiNet International A"]
[Site "Helsinki"]
[Date "2002.06.30"]
[Round "7"]
[White "Payen, Arnaud"]
[Black "Sammalvuo, Tapani"]
[Result "0-1"]
[WhiteElo "2356"]
[BlackElo "2440"]
[PlyCount "96"]
[EventDate "2002.06.24"]

1. d4 Nf6 2. Nf3 e6 3. e3 b6 4. Bd3 Bb7 5. O-O c5 6. b3 Be7 7. Bb2 O-O 8. c4
cxd4 9. exd4 d5 10. Nc3 Nc6 11. Rc1 Rc8 12. Re1 Nb4 13. Bb1 dxc4 14. bxc4 Rxc4
15. d5 Nbxd5 16. Qd3 Rg4 17. Ne2 Nb4 18. Qc3 Qd5 19. h3 Rg5 20. Ng3 Rxg3 21.
fxg3 Nxa2 22. Bxa2 Qxa2 23. Ra1 Qd5 24. Rxa7 Rc8 25. Qe5 Bc5+ 26. Bd4 Bd6 27.
Qxd5 Bxd5 28. Be5 Bc5+ 29. Bd4 Bxf3 30. Bxc5 Bxg2 31. Kxg2 bxc5 32. Kf3 c4 33.
Rb1 Nd5 34. Rbb7 Rf8 35. Ra4 c3 36. Rc4 h6 37. g4 g5 38. Ke4 Kg7 39. Rc6 Kg6
40. Rb5 Rd8 41. Rbc5 Nf6+ 42. Ke3 Ra8 43. Kf3 Nd7 44. Rb5 Ra3 45. Kg2 Ra2+ 46.
Kg3 Nf6 47. Kf3 Rh2 48. Kg3 Rd2 0-1